000
00303nam a22001337a 4500
007
9780534579975
008
171005b xxu||||| |||| 00| 0 eng d
041
_a
eng
080
_2
6 ED
_a
159.9
100
_a
48
101
_a
PSI
245
_a
INTRODUCTION TO PSYCHOLOGY
_c
PLOTNIK.R
942
_2
udc
_c
BK
999
_c
31862
_d
31862